000 01290nam a2200313 i 4500
003 EG-GICUC
005 20260203152819.0
008 260203s1967 ua ||||fr|||| 00| 0 ara d
040 _a EG-GICUC
_bara
_c EG-GICUC
_d EG-GICUC
_erda
041 _aara
082 0 4 _221
_a343.3
_bع م . م
092 0 4 _221
099 _aLaw1 10 343.3 ع م . م1967
100 0 _aعمر السعيد رمضان
_eمؤلف.
245 1 0 _aمبادئ قانون الإجراءات الجنائية.
_cتأليف دكتور عمر السعيد رمضان.
_n
_pالدعوى المدنية - الاستدلال - التحقيق الإبتدائي.
264 1 _aالقاهرة :
_bدار النهضة العربية،
_c1967.
300 _a331 صفحة ;
_c24 سم.
_bإيضاحيات، صور، مثيليات ؛
336 _2rda content
_atext
337 _2rda media
_aComputer
338 _2rda carrier
_aOnline Resource
504 _aيشتمل على إرجاعات ببليوجرافية.
546 _aالنص باللغة العربية
650 1 _aالقانون الجنائي
_2qrmak
650 1 _aقانون الإجراءات الجنائية
_2qrmak
651 1 _2qrmak
856 4 0 _uhttps://fll.law.cu.edu.eg/fulltext/bks/B10-05185.pdf
905 _a43
942 _2ddc
_n0
_cBK
_e21
999 _c60653
_d60653